000 00485nam a2200193Ia 4500
005 20250603144858.0
008 250603s9999 xx 000 0 und d
020 _a978-81-224-2167-5 / 81-224-2167-9
050 _aQC 28.5 .S65/
100 _aS.k.Srivastava
245 0 _aEngineering physics : theory and experiments
250 _a5th ed.
260 _aNew Delhi
260 _bNew age international
260 _c2007
300 _a372 p
650 _aNew Delhi
942 _cBK
999 _c40222
_d40222